header

We're Going on a Leaf Hunt (Record no. 261569)

MARC details
000 -LEADER
fixed length control field 00215nam a22000977a 4500
020 ## - INTERNATIONAL STANDARD BOOK NUMBER
ISBN 043977361
100 ## - MAIN ENTRY--AUTHOR NAME
Personal name Steve Metzger
245 ## - TITLE STATEMENT
Title We're Going on a Leaf Hunt
260 ## - PUBLICATION, DISTRIBUTION, ETC. (IMPRINT)
Place of publication U.S.A
Name of publisher Scholastic
Year of publication 2005
942 ## - ADDED ENTRY ELEMENTS (KOHA)
Koha item type Long Loan Books
Holdings
Withdrawn status Lost status Collection code Home library Current library Shelving location Date acquired Accession Number Koha item type
    Fiction Rongo University Library Rongo University Library Children's Area 15/11/2023 CL20222249 Long Loan Books

© 2026 Rongo University
Contact us: librarian | system librarian | Rongo university